| 000 | 00444nam a22001457a 4500 | ||
|---|---|---|---|
| 020 | _a0-13-747270-6 | ||
| 082 | _a621.3815 TAI | ||
| 100 |
_aTUINENGA, PAUL W _967166 |
||
| 245 | _aSPICE: A GUIDE TO CIRCUIT SIMULATION AND ANALYSIS USING PSPICE | ||
| 250 | _a2ND | ||
| 260 |
_aNEW JERSEY _bPRENTICE HALL _c1992 |
||
| 300 | _aXVI,254P | ||
| 650 |
_aSPICE COMPUTER PROGRAM, ELECTRIC CIRCUIT ANALYSIS DATA PROCESSING .PSPICE _967167 |
||
| 942 | _cBK | ||
| 999 |
_c575006 _d575006 |
||